Household buffalo raising in boseth district, kampong soeu province, (ការចិញ្ចឹមក្របីជាលក្ខណះគ្រួសារ នៅស្រុកបរសេដ្ឋ ខេត្តកំពង់ស្ពឺ) (Record no. 2222)

000 -LEADER
fixed length control field 00612nam a22001577a 4500
003 - CONTROL NUMBER IDENTIFIER
control field OSt
005 - DATE AND TIME OF LATEST TRANSACTION
control field 20151008142252.0
008 - FIXED-LENGTH DATA ELEMENTS--GENERAL INFORMATION
fixed length control field 151008b xxu||||| |||| 00| 0 eng d
040 ## - CATALOGING SOURCE
Transcribing agency RUA
082 ## - DEWEY DECIMAL CLASSIFICATION NUMBER
Classification number AVM RON 2008 B084 Or.1
100 ## - MAIN ENTRY--PERSONAL NAME
9 (RLIN) 2361
Personal name RONG RINA
245 ## - TITLE STATEMENT
Title Household buffalo raising in boseth district, kampong soeu province, (ការចិញ្ចឹមក្របីជាលក្ខណះគ្រួសារ នៅស្រុកបរសេដ្ឋ ខេត្តកំពង់ស្ពឺ)
260 ## - PUBLICATION, DISTRIBUTION, ETC. (IMPRINT)
Place of publication, distribution, etc. phnom penh
Name of publisher, distributor, etc. rua
Date of publication, distribution, etc. 2008
300 ## - PHYSICAL DESCRIPTION
Extent ix, 52p.
Other physical details ill.
Dimensions 29cm.
942 ## - ADDED ENTRY ELEMENTS (KOHA)
Source of classification or shelving scheme
Koha item type AVM
Holdings
Price effective from Date last seen Permanent Location Not for loan Date acquired Source of classification or shelving scheme Koha item type Lost status Withdrawn status Date last checked out Total Checkouts Shelving location Damaged status Barcode Current Location Full call number
2015-10-082015-10-08Library Block B 2015-10-08 AVM    B084 RUA008414Library Block BAVM RON 2008 B084 Or.1
2015-10-082016-08-02Library Block B 2015-10-08 AVM  2016-07-051B084 RUA007950Library Block BAVM RON 2008 B084 Or.2
2015-10-082018-06-08Library Block B 2015-10-08 AVM  2018-05-231B084 RUA008701Library Block BAVM RON 2008 B084 Or.3
2015-10-082015-10-08Library Block B 2015-10-08 AVM    B084 RUA008630Library Block BAVM RON 2008 B084 Or.4
2015-10-082015-10-08Library Block B 2015-10-08 AVM    B084 RUA007744Library Block BAVM RON 2008 B084 Or.5
2015-10-082018-06-06Library Block B 2015-10-08 AVM  2018-05-221B084 RUA007851Library Block BAVM RON 2008 B084 Or.6
2015-10-082015-10-08Library Block B 2015-10-08 AVM    B084 RUA025325Library Block BAVM RON 2008 B084 Or.7
2015-10-082018-06-08Library Block B 2015-10-08 AVM  2018-05-231B084 RUA009892Library Block BAVM RON 2008 B084 Or.8
2015-10-082015-10-08Library Block B 2015-10-08 AVM    B084 RUA009436Library Block BAVM RON 2008 B084 Or.9
2015-10-082015-10-08Library Block B 2015-10-08 AVM    B084 RUA025200Library Block BAVM RON 2008 B084 Or.10
មជ្ឈមណ្ឌលឯការនៃសាកលវិទ្យាល័យភូមិន្ទកសិកម្មចំការដូង

Powered by Koha